000 01246nam a2200337 i 4500
003 EG-GICUC
005 20260121101554.0
008 251231s2004 ua ||||fr|||| 000 0 ara d
017 _a2003/211067
020 _a97704/4384/0
040 _a EG-GICUC
_bara
_c EG-GICUC
_d EG-GICUC
_erda
041 _aara
082 0 4 _221
_a345.6
_bع ل . م
092 0 4 _221
099 _aLaw1 07 345.6 ع ل . م 2004
100 0 _aعلاء عبد المتعال
_eمؤلف.
245 1 0 _aمدى جواز الرجعية وحدودها في القرارات الإدارية /
_cدكتور علاء عبدالمتعال.
264 1 _aالقاهرة :
_bدار النهضة العربية,
_c2004.
300 _a130 صفحة ؛
_c24 سم
_bإيضاحيات، صور، مثيليات ؛
336 _2rda content
_atext
337 _2rda media
_aComputer
338 _2rda carrier
_aOnline Resource
504 _a. 130-128 ببليوجرافيا: صفحات.
546 _aالنص باللغة العربية
650 1 4 _aالقرارت الإدارية
_2qrmak
650 1 4 _aالقانون الإداري
_2qrmak
651 1 _2qrmak
856 4 0 _uhttps://fll.law.cu.edu.eg/fulltext/bks/B07-02093.pdf
905 _a79
942 _2ddc
_cBK
_e21
_n0
999 _c53405
_d53405